| 000 | 01181nam a2200241Ia 4500 | ||
|---|---|---|---|
| 003 | Ost | ||
| 005 | 20260507075336.0 | ||
| 008 | 260507s9999||||xx |||||||||||||| ||und|| | ||
| 020 | _a9789957800123 | ||
| 040 | _cfsecg | ||
| 041 | _aara | ||
| 082 | _a330 | ||
| 100 |
_aخليف، ليناشحادة _eمؤلف |
||
| 245 | 0 |
_aتطوير التفكير الاستراتيجي / _c ليناشحادة خليف |
|
| 260 |
_aعمان: _bدار النفائس, _c2010 |
||
| 300 |
_a184 صفحة؛ _bإيضاحات ؛ _c19 سم |
||
| 504 | _aملحق ص.171 | ||
| 520 | _aالتفكير الاستراتيجي و الادارة الاستراتيجية ، منهج التفكير الاستراتيجي و تطويره ، القيادة الاستراتيجية و الدراسات المتعلقة بالتفكير و التفكير الاستراتيجي ، النماذج و تطوير التفكير الاستراتيجي لمديري المدارس الثانوية مع التطرق الى أنموذج لينا لتطوير التفكير الاستراتيجي | ||
| 653 | _aالإدارة | ||
| 653 | _aالتفكير | ||
| 653 | _aالقيادة | ||
| 942 | _cكتاب | ||
| 999 |
_c44052 _d44052 |
||